00435nam a2200181 a 4500001001300000003000900013005001700022008004100039020000900080082001800089100001600107245001700123260004500140300000800185500003500193650000900228700001600237nice12345678IN_TiNIC20260116014455.0070626s1998 newa grp 000 0 eng  ac3000a362.1969bMAT aMathew, P D aAids and Law aNew DelhibIndian Social Institutec1998 a66p aincludes index and biblioraphy aAids1 aMathew, P D